000 00691nam a2200205Ii 4500
003 JO-AjNU
008 230606s9999||||xx |||||||||||||| ||und||
040 _aJO-AjNU
_beng
_erda
_cJO-AjNU
041 _aeng
050 1 4 _aBP135.A2.M213 2000
100 3 _aIbn Anas, Malik ; Narrated: Yahya Al-Andalusi; Corrected and Revised: Mahmood Matraji vol.11,
_eauthor
_95310
245 0 0 _aMuwatta' Imam Malik vol.II
250 _aFirst Edition
264 3 1 _aPakistan: Darul Ishaat, 2000
300 _avolume11, 495p
336 _atext
_btxt
_2rdacontent
337 _aunmediated
_bn
_2rdamedia
338 _avolume
_bnc
_2rdacarrier
650 4 _aHadith - Collected works- Malikis-Islamic law
_95311
999 _aE2743
_c2741
_d2741